مكتبة جامعة عجلون الوطنية

فهرس بحث المكتبة

أثر الحوكمة الإلكترونية على الأداء المالي للشركات الصناعية المدرجة في بورصة عمان نظام تخطيط موارد المشروع متغير معدل = The Impact of E-Governance on the Financial Performance of Industrial Companies Listed on the Amman Stock Exchange The Enterprise Resourse Planning System is a Modified Variable / (Record no. 33462)

MARC details
000 -LEADER
fixed length control field 01094nam a22001937a 4500
003 - CONTROL NUMBER IDENTIFIER
control field JO-AjAnu
005 - DATE AND TIME OF LATEST TRANSACTION
control field 20240420083055.0
008 - FIXED-LENGTH DATA ELEMENTS--GENERAL INFORMATION
fixed length control field 240417b jo ||||| |||| 00| 0 ara d
040 ## - CATALOGING SOURCE
Original cataloging agency JO-AjAnu
Transcribing agency ANU
041 #1 - LANGUAGE CODE
Language code of original ara
100 ## - MAIN ENTRY--PERSONAL NAME
Personal name زريقات، سمر سمير
Relator term معد
9 (RLIN) 65334
245 #0 - TITLE STATEMENT
Title أثر الحوكمة الإلكترونية على الأداء المالي للشركات الصناعية المدرجة في بورصة عمان نظام تخطيط موارد المشروع متغير معدل = The Impact of E-Governance on the Financial Performance of Industrial Companies Listed on the Amman Stock Exchange The Enterprise Resourse Planning System is a Modified Variable /
Statement of responsibility, etc. اعداد سمر سمير زريقات ؛ اشراف علي عبد الله الزعبي
260 ## - PUBLICATION, DISTRIBUTION, ETC.
Date of publication, distribution, etc. 2022
300 ## - PHYSICAL DESCRIPTION
Extent 94 ورقة
500 ## - GENERAL NOTE
General note رسالة جامعية (ماجستير) تخصص المحاسبة / جامعة عجلون الوطنية، 2022
650 #7 - SUBJECT ADDED ENTRY--TOPICAL TERM
Form subdivision حوكمة الشركات
700 #0 - ADDED ENTRY--PERSONAL NAME
Personal name علي عبدالله الزعبي
Relator term مشرف
9 (RLIN) 65384
942 ## - ADDED ENTRY ELEMENTS (KOHA)
Source of classification or shelving scheme Library of Congress Classification
Koha item type Thesis
Suppress in OPAC No
Holdings
Withdrawn status Lost status Source of classification or shelving scheme Damaged status Not for loan Home library Current library Date acquired Total Checkouts Full call number Barcode Date last seen Price effective from Koha item type
    Library of Congress Classification     مكتبة جامعة عجلون الوطنية مكتبة جامعة عجلون الوطنية 02/06/2024   HD2741.2022 A29318 17/04/2024 02/06/2024 Thesis
    Library of Congress Classification     مكتبة جامعة عجلون الوطنية مكتبة جامعة عجلون الوطنية 02/06/2024   HD2741.2022 a29317 02/06/2024 02/06/2024 Thesis